[Event "Yingmei CHN-chT 2018"]
[Site "Guangdong"]
[Date "2018.11.28"]
[Round "20"]
[White "Ning, Kaiyu"]
[Black "Zhou, Zirun"]
[Result "1/2-1/2"]
[WhiteElo "2513"]
[BlackElo "2429"]
[Annotator "TA"]
[PlyCount "98"]
[EventDate "2018.07.09"]
[EventType "team-tourn"]
[EventCountry "CHN"]
[SourceTitle "playchess.com"]
[Source "ChessBase"]
[SourceQuality "1"]

{[%evp 28,98,28,28,31,29,58,60,91,36,147,130,179,25,238,237,243,164,211,123,99,102,114,104,94,99,106,95,100,66,89,0,91,0,109,84,117,103,109,101,146,96,116,0,0,-36,-35,-28,-25,-48,32,28,23,0,0,0,0,0,4,2,3,0,0,0,2,0,0,0,0,0,0,0,0]} 1. d4 Nf6 2. c4 e6 3. Nf3 d5 4. Nc3 c5 5. cxd5 Nxd5 6. e4 Nxc3 7. bxc3 cxd4 8. cxd4 Bb4+ 9. Bd2 Bxd2+ 10. Qxd2 O-O 11. Bc4 Nd7 12. O-O b6 13. Rfe1 Bb7 14. a4 {D41: Queen's Gambit Declined: Semi-Tarrasch with 5 cxd5} (14. Rad1 Rc8 15. Bb3 Re8 16. h4 h6 17. Qf4 Qc7 18. Qxc7 Rxc7 19. d5 Nc5 20. d6 Rd7 21. Bc4 Red8 22. e5 Bxf3 23. gxf3 {1-0 (35) Vachier Lagrave,M (2779)-Dominguez Perez,L (2739) chess.com INT 2018}) 14... Rc8 15. Bd3 {LiveBook: 73 Games} Nf6 16. a5 {White is slightly better.} bxa5 17. Rxa5 Ra8 $146 ({Predecessor:} 17... a6 18. Qb4 Rb8 19. Qa4 Bc6 20. Qa1 Bb5 {1-0 (35) Dahmen,C (2023)-Reinke,M (1498) Willingen 2004}) 18. Rg5 (18. Qc3 $16) 18... Nd7 (18... h6 $14 19. Rg3 Kh8) 19. Rg3 $1 $16 g6 20. Bb5 $2 ({White should try} 20. h4 $18) 20... f6 $2 (20... Nf6 $11 {and Black has nothing to worry.}) 21. h4 $1 $18 Kh8 22. Qf4 Nb6 23. Qh6 (23. Rxg6 $1 $18 hxg6 24. Qh6+ {[%mdl 64] Double Attack} Kg8 25. Qxg6+ Kh8 26. Qh6+ Kg8 27. Ne5 $1 {[%mdl 512]}) 23... Rg8 $16 24. Bd3 Qf8 25. Qf4 Qe7 26. Qd2 Rad8 27. Ra1 Bc6 28. Qb2 Rb8 29. Qd2 Rbd8 $1 30. Re1 (30. Qe3 $16) 30... Qf7 (30... Bb7 $1 $11) 31. Qb4 Qf8 32. Qa5 Qe7 33. d5 exd5 34. exd5 Rxd5 {[#]} 35. Rxe7 (35. Qa1 $1 $16 Qg7 36. Be4) 35... Rxa5 $11 36. Nd4 Bd7 37. Rf7 Rd5 38. Ne2 Bf5 (38... Re8 $15) 39. Bxf5 $14 Rxf5 40. Rc3 Rg7 {The position is equal.} 41. Rxg7 Kxg7 $11 {[%mdl 4096] Endgame KRN-KRN} 42. Rc7+ Kh6 43. Rxa7 Re5 44. Nd4 Rd5 45. Ne6 {Hoping for Nf8.} Rd7 46. Rxd7 Nxd7 47. Kh2 g5 48. Kh3 Kg6 49. g4 h5 {Accuracy: White = 45%, Black = 42%.} 1/2-1/2

[Event "Yingmei CHN-chT 2018"]
[Site "Guangdong"]
[Date "2018.11.28"]
[Round "20"]
[White "Li, Shilong"]
[Black "Li, Yankai"]
[Result "0-1"]
[WhiteElo "2490"]
[BlackElo "2423"]
[Annotator "TA"]
[PlyCount "144"]
[EventDate "2018.07.09"]
[EventType "team-tourn"]
[EventCountry "CHN"]
[SourceTitle "playchess.com"]
[Source "ChessBase"]
[SourceQuality "1"]

{[%evp 32,144,35,26,59,45,96,85,67,40,36,37,75,57,59,49,40,35,42,10,8,-72,12,-220,-214,-231,-268,-192,-87,-100,-104,-110,-45,-50,-42,-50,-43,-43,-16,-45,-8,-8,-8,-55,-32,-54,-47,-57,-53,-53,-55,-45,-68,-85,-83,-94,0,-102,-164,-225,-225,-185,-167,-203,-73,-75,-69,-77,-69,-467,-266,-527,-498,-513,-506,-587,-587,-879,-879,-879,-879,-1028,-1015,-1819,-1819,-5705,-5085,-665,0,-617,-530,-508,-508,-1033,-1285,-804,-783,-29961,-5337,-29973,-29953,-29978,-29979,-29981,-29982,-29982,-29982,-29982,-29983,-29983,-8,-29989,-8,-29990,-29991]} 1. Nf3 Nf6 2. g3 d5 3. Bg2 e6 4. d4 Be7 5. c4 O-O 6. O-O dxc4 7. Qa4 a6 8. Qxc4 b5 9. Qc2 Bb7 10. Bd2 Be4 11. Qc1 Nbd7 12. Ba5 Rc8 13. Nbd2 {E05: Open Catalan: 5 Nf3 Be7} Bb7 14. Qc2 Qe8 15. b4 Nb8 16. Ne5 Bxg2 17. Kxg2 {LiveBook: 4 Games} Bd6 18. Rac1 {[#]} h6 $146 (18... Nd5 $14) ({Predecessor:} 18... Nd5 19. Nd3 f5 20. e3 Qh5 {½-½ (42) Pelletier,Y (2607)-Wells,P (2521) Plovdiv 2008}) 19. Nd3 $16 e5 20. e4 Nfd7 21. dxe5 Bxe5 22. Nf3 Bd6 {[%cal Be5d6,Bd6e7,Be7g5,Bg5f4][%mdl 32]} 23. Rfe1 c5 24. e5 Be7 25. e6 fxe6 26. Rxe6 (26. bxc5 $11 {remains equal.} Nc6 27. Bc3) 26... Qf7 (26... Rxf3 $17 27. Kxf3 Qh5+ 28. Ke3 Nc6) 27. Nf4 $2 (27. Qe2 $1 $11 {and White is okay.} Nc6 28. bxc5) 27... Bg5 $1 $19 {[%cal Rg5f4]} 28. Qe4 Bxf4 29. gxf4 Qxf4 (29... c4 $19 {is more deadly.} 30. Nd4 Qxf4) 30. Qxf4 $17 Rxf4 31. bxc5 Rxc5 (31... Ra4 $17 32. Bd2 Kf7) 32. Re8+ $15 Kf7 33. Rxc5 Kxe8 34. Rc8+ Ke7 (34... Kf7 {keeps more tension.} 35. a3 Ke6 36. Bb4 Rc4 37. Re8+ Kd5) 35. a3 Rc4 (35... Ke6 {is interesting.} 36. Bb4 Rg4+ 37. Kf1 Rc4 38. Re8+ Kd5) 36. Rxc4 bxc4 $11 {[%mdl 4096] Endgame KBN-KNN} 37. Nd4 Ne5 38. Bb4+ Kf7 39. Nf5 Nbc6 40. Bc3 Ke6 41. Nxg7+ Kd5 42. f4 Nf7 43. Kf3 Nd4+ (43... Nd6 $17 44. Ke3 Nb5) 44. Ke3 (44. Bxd4 $1 $11 Kxd4 45. Ne6+ Kc3 46. Nc5) 44... Nc2+ $1 $17 45. Kf3 (45. Kd2 {was necessary.} Nxa3 46. Ne8) 45... Nxa3 $19 46. Nf5 Nb5 47. Bg7 c3 (47... a5 $19 {and Black stays clearly on top. And now ...a4 would win.} 48. Ke3 h5) 48. Ne3+ $17 Kc5 49. Ke4 Kb4 $1 50. Kd5 $2 {[%mdl 8192]} ({White should try} 50. f5 $15) 50... Nc7+ (50... Kb3 $142 51. Bf8 Nc7+ 52. Ke4 a5) 51. Kc6 $2 {[#]} (51. Ke4 Ne6 52. Bf6) 51... Ne6 $1 $19 {[%mdl 64] Double Attack} 52. Nd5+ Kc4 53. Bxc3 Ned8+ 54. Kd7 Kxd5 55. Ke7 Ke4 56. Bd2 Kf5 57. h3 h5 58. Ke8 Ke6 59. Bc3 Kf5 60. Bd2 Kf6 61. Be1 Kg7 62. Bc3+ (62. Bd2 $142) 62... Kg6 63. Kd7 Nb7 64. Kc6 Nbd6 65. Kb6 Kf5 66. Kxa6 Kxf4 67. Kb6 Kg3 68. Kc6 Kxh3 69. Kd5 Kg4 70. Bf6 h4 $2 {[#]} (70... Ng5 71. Be5 Nf5 72. Kc4 h4 73. Kd5 h3 74. Bh2 Nf3 75. Bc7 Ng5 76. Kc6 Ng3 77. Kb5 h2 78. Bb8 h1=Q 79. Ba7 Qb7+ 80. Ka4 Qxa7+ 81. Kb4 Qb6+ 82. Kc3 N5e4+ 83. Kc2 Qb4 84. Kc1 Qd2+ 85. Kb1 Nc3+ 86. Ka1 Qc1#) 71. Kd4 $2 {[%mdl 8192]} (71. Bxh4 $1 $11 {[%mdl 512]} Kxh4 72. Ke6) 71... Kf5 $2 (71... h3 {mates} 72. Kc5 h2 73. Be7 Nf5 74. Bh4 Nxh4 75. Kc6 h1=Q+ 76. Kb5 Qc1 77. Kb4 Nd6 78. Kb3 Nhf5 79. Kb4 Ne3 80. Ka4 Qb2 81. Ka5 Qb5#) 72. Kd3 $2 {[%mdl 8192]} (72. Bxh4 $11 Nh8 73. Bg3) 72... h3 {Accuracy: White = 31%, Black = 53%.} 0-1

[Event "Yingmei CHN-chT 2018"]
[Site "Guangdong"]
[Date "2018.11.28"]
[Round "20"]
[White "Liang, Jinrong"]
[Black "Dai, Changren"]
[Result "1/2-1/2"]
[WhiteElo "2465"]
[BlackElo "2464"]
[Annotator "TA"]
[PlyCount "101"]
[EventDate "2018.07.09"]
[EventType "team-tourn"]
[EventCountry "CHN"]
[SourceTitle "playchess.com"]
[Source "ChessBase"]
[SourceQuality "1"]

{[%evp 18,101,16,18,26,10,29,9,13,26,27,-33,26,39,33,15,41,39,40,38,45,24,41,36,62,48,63,50,85,85,72,77,87,67,76,47,56,65,58,37,34,43,31,16,30,0,0,0,0,0,0,0,0,0,0,0,0,0,0,0,0,-150,-152,-144,0,0,0,-20,-8,-8,-10,-8,0,0,0,0,0,0,0,0,0,0,0,0,0,0]} 1. e4 c5 2. Nf3 Nc6 3. d4 cxd4 4. Nxd4 Nf6 5. Nc3 d6 6. f3 e5 7. Nb3 Be7 8. Be3 O-O 9. Qd2 a5 10. Bb5 Na7 {B56: Classical Sicilian: Unusual Lines} (10... Be6 11. O-O-O Nb4 12. Kb1 d5 13. exd5 Nbxd5 14. Nxd5 Nxd5 15. Bc4 Nxe3 16. Qxe3 Qc8 17. Bxe6 Qxe6 18. Rhe1 a4 19. Nc5 Bxc5 20. Qxc5 {½-½ (94) Fressinet,L (2649)-Ponomariov,R (2681) Batumi 2018}) 11. Be2 Be6 12. O-O Nc8 13. a4 Nb6 14. Rfd1 (14. Bf2 $1 $11) 14... Nc4 (14... d5 $15) 15. Bxc4 $11 Bxc4 16. Qf2 Ra6 $146 ({Predecessor:} 16... Qc8 17. Bb6 Nd7 18. Nd5 Bxd5 19. Rxd5 Nxb6 20. Qxb6 Qxc2 21. Nxa5 {0-1 (35) Filipenko,A (2370)-Miroshnichenko,E (2465) Bled 2000}) 17. Nd2 $36 {[%mdl 2048] White is pushing.} Be6 18. Ndb1 Qc8 19. Na3 Rd8 20. Bg5 Ng4 21. fxg4 Bxg5 22. h3 $1 Rd7 23. Nd5 Bd8 {[#] Strongly threatening ...Bxd5.} 24. Kh1 Rc6 25. b3 Rc5 26. c4 Bxd5 27. exd5 Bb6 28. Qf3 Qe8 29. Re1 Rc8 30. Nb5 {[%cal Ba3b5,Bb5c3,Bc3e4][%mdl 32]} Qe7 31. Re2 Rf8 32. Rf1 f6 33. Nc3 g6 $1 34. Qg3 Qg7 35. Ne4 h6 36. Rc2 f5 37. gxf5 gxf5 38. Qxg7+ Kxg7 39. Nxd6 (39. Rc3 $1 $11) 39... Rxd6 $17 40. c5 Rg6 ({Much worse is} 40... Rxd5 $6 41. cxb6 Kg6 42. Rc7 $11) ({Black should play} 40... Rc8 $17 41. Rfc1 Rg6 42. cxb6 Rxc2 43. Rxc2 Rxb6) 41. cxb6 $11 {The position is equal.} Rxb6 {[%mdl 4096] Endgame KRR-KRR} 42. Rc5 Rxb3 43. Rxa5 Kf6 44. Rd1 e4 45. d6 Ke6 46. Rad5 e3 47. d7 Rd8 {[#] aiming for ...e2.} 48. Rd6+ Ke5 49. R6d5+ Ke6 50. Rd6+ Ke5 51. R6d5+ {Accuracy: White = 65%, Black = 64%.} 1/2-1/2

[Event "Yingmei CHN-chT 2018"]
[Site "Guangdong"]
[Date "2018.11.28"]
[Round "20"]
[White "Khotenashvili, Bela"]
[Black "Li, Xueyi"]
[Result "1-0"]
[WhiteElo "2462"]
[BlackElo "2446"]
[Annotator "TA"]
[PlyCount "111"]
[EventDate "2018.07.09"]
[EventType "team-tourn"]
[EventCountry "CHN"]
[SourceTitle "playchess.com"]
[Source "ChessBase"]
[SourceQuality "1"]

{[%evp 14,111,-25,-23,-25,-45,-41,-39,-38,-39,-17,-16,-25,-32,-9,-39,-12,-44,-26,-41,-35,-143,-27,-32,0,0,0,0,37,31,25,14,16,-108,-110,-102,-49,-34,0,0,0,0,0,-92,-77,-88,-8,-100,-45,-34,-8,-70,-79,-116,-78,-91,42,45,154,166,151,150,160,82,89,84,83,5,242,241,254,254,316,306,297,293,310,297,235,250,337,327,400,431,408,393,379,359,394,368,396,387,485,458,674,648,677,669,650,558]} 1. d4 d5 2. Bf4 Nf6 3. e3 c5 4. Nf3 Nc6 5. c3 Qb6 6. Qb3 c4 7. Qc2 Bf5 8. Qc1 Nh5 {D02: 1 d4 d5 2 Nf3 sidelines, including 2...Nf6 3 g3 and 2...Nf6 3 Bf4} (8... h6 9. h3 e6 10. Nbd2 Be7 11. Be2 Qd8 12. Ne5 Nxe5 13. Bxe5 O-O 14. O-O b5 15. Re1 Ne4 16. Bf3 Ng5 17. Bd1 {½-½ (36) Stupak,K (2573)-Gelfand,B (2729) Tbilisi 2017}) 9. Nbd2 Nxf4 10. exf4 Qc7 {Black is slightly better.} 11. g3 h6 12. b3 $146 ({Predecessor:} 12. h4 e6 13. Be2 Bd6 14. Nf1 b5 15. Ne5 Bxe5 16. fxe5 b4 17. Ne3 Bh7 18. O-O Rb8 19. f4 {½-½ (19) Kljako,D (2270)-Dunnington,A (2330) Liechtenstein 1988}) 12... cxb3 13. axb3 e6 14. Be2 Be7 15. h4 a6 16. Qb2 Rc8 17. O-O {[#]} (17. Kf1 $15) 17... Qd8 ({Black should try} 17... g5 $1 $17 {[%cal Rg5f4][%mdl 512]} 18. fxg5 hxg5 19. hxg5 Bd6) 18. Rfe1 $11 O-O 19. Nf1 Be4 20. Ne3 b5 21. Nd2 b4 {Strongly threatening ...bxc3.} 22. Nxe4 dxe4 23. c4 (23. Red1 $11 {keeps the balance.}) 23... Nxd4 $17 24. Rxa6 Bf6 (24... Qd7 $17) 25. Qb1 $15 Nxe2+ 26. Rxe2 Qd3 27. Re1 Rfd8 28. Rd1 (28. f5 $11) 28... Qxb1 $17 29. Rxb1 Rd2 ({Better is} 29... Bd4 $17) 30. Ra4 (30. f5 $1 $11 {remains equal.}) 30... Bc3 (30... Be7 $17 31. Ra5 Bc5) 31. Kf1 Rcd8 32. h5 (32. c5 $1 $11) 32... Bd4 $15 {And now ...Bxe3 would win.} 33. Re1 Rb2 34. Rxb4 {Threatens to win with Rd1.} Bc3 (34... Bxe3 $17 35. fxe3 (35. Rxe3 f5 $17) 35... Rdd2) 35. Rd1 $14 Rc8 (35... Ra8 $1 $14 36. Rb7 Bd2) 36. Rb7 $16 Bd2 37. Ng4 $1 Ra8 {[#]} 38. c5 (38. Rd7 $142 $1 {[%cal Rd7d2]} Raa2 39. c5) 38... Rc8 39. Ra1 e3 {[#]} 40. c6 ({But not} 40. Nxe3 $6 Bxe3 41. fxe3 Rxc5 $11) (40. Raa7 $1 $16) 40... Rc2 $2 (40... f5 $1 $11 41. c7 (41. Nxe3 Bxe3 42. fxe3 Rxc6 $11) 41... e2+ {[%mdl 64] Decoy} 42. Kxe2 Bxf4+ 43. Kf3 Rxc7 44. Rb8+ Kf7) 41. fxe3 R2xc6 42. Raa7 Rc1+ 43. Ke2 Bc3 44. Rxf7 Rh1 45. Rfc7 Rxc7 46. Rxc7 $18 {[%mdl 4096] Endgame KRB-KRN} Bb2 47. Rc5 e5 48. Nxe5 Rxh5 49. Nd3 Rh2+ 50. Nf2 Rg2 51. g4 Rg1 52. b4 {[%cal Bb3b4,Bb4b5][%mdl 32]} Ba3 53. Nd3 {White is clearly winning.} Rxg4 (53... Bb2 $142 54. Nxb2 Rg2+ 55. Kd3 Rxb2) 54. Ra5 Rg2+ 55. Kf3 Ra2 56. b5 {Accuracy: White = 45%, Black = 33%.} 1-0

[Event "Yingmei CHN-chT 2018"]
[Site "Guangdong"]
[Date "2018.11.28"]
[Round "20"]
[White "Ni, Shiqun"]
[Black "Lei, Tingjie"]
[Result "1/2-1/2"]
[WhiteElo "2435"]
[BlackElo "2242"]
[Annotator "TA"]
[PlyCount "70"]
[EventDate "2018.07.09"]
[EventType "team-tourn"]
[EventCountry "CHN"]
[SourceTitle "playchess.com"]
[Source "ChessBase"]
[SourceQuality "1"]

{[%evp 27,70,29,54,41,58,41,39,35,39,33,60,66,64,28,37,12,7,7,4,6,16,16,16,16,16,16,7,7,23,0,19,19,17,19,19,19,18,17,19,0,0,0,0,0,8]} 1. e4 e5 2. Nf3 Nc6 3. Bb5 Nf6 4. O-O Nxe4 5. Re1 Nd6 6. Nxe5 Be7 {[%cal Bf8e7,Be7f6,Bf6e5][%mdl 32]} 7. Bf1 Nxe5 8. Rxe5 O-O 9. d4 Bf6 10. Re1 Nf5 {C67: Ruy Lopez: Berlin Defence: 4 0-0 Nxe4} (10... Re8 11. c3 Rxe1 12. Qxe1 Ne8 13. d5 c6 14. Nd2 cxd5 15. Nf3 d6 16. Be3 Nc7 17. Qd2 Bd7 18. g3 {½-½ (32) Giri,A (2780)-Caruana,F (2827) Batumi 2018}) 11. d5 d6 12. Nd2 c6 13. Ne4 Be5 14. c3 Qb6 {LiveBook: 4 Games} 15. a4 a5 $146 16. Kh1 cxd5 17. Qxd5 Be6 18. Qb5 Qxb5 19. Bxb5 g6 20. Bg5 h6 21. Bf6 Bxf6 22. Nxf6+ Kg7 23. Nd7 Rfd8 24. Nb6 Rab8 25. b4 axb4 26. cxb4 d5 27. Bd3 Nd6 28. Rac1 Nc4 {The position is equal.} 29. Nxc4 dxc4 30. Bxc4 Bxc4 31. Rxc4 $11 {KRR-KRR} b5 32. axb5 Rxb5 33. g4 Rd2 34. Kg2 Rb2 35. Ree4 g5 {Accuracy: White = 66%, Black = 70%.} 1/2-1/2

[Event "Yingmei CHN-chT 2018"]
[Site "Guangdong"]
[Date "2018.11.28"]
[Round "20"]
[White "Wang, Yiye"]
[Black "Ma, Qun"]
[Result "1/2-1/2"]
[WhiteElo "2431"]
[BlackElo "2619"]
[Annotator "TA"]
[PlyCount "78"]
[EventDate "2018.07.09"]
[EventType "team-tourn"]
[EventCountry "CHN"]
[SourceTitle "playchess.com"]
[Source "ChessBase"]
[SourceQuality "1"]

{[%evp 9,78,24,15,32,25,12,29,20,21,22,21,18,45,52,39,39,30,4,7,12,44,46,35,35,43,36,50,35,41,28,33,28,30,0,31,34,33,31,29,27,43,43,47,37,62,46,72,0,0,0,18,19,17,8,8,0,0,0,36,0,0,0,23,0,0,0,46,51,56,49,45]} 1. c4 e5 2. g3 Nf6 3. Bg2 c6 4. Nf3 e4 5. Nd4 d5 6. d3 {A20: English Opening: 1...e5} Bc5 7. Nb3 Bb4+ 8. Bd2 {White has an edge.} Bxd2+ 9. Qxd2 dxc4 10. dxc4 Qxd2+ 11. N1xd2 e3 12. fxe3 Nbd7 13. Ne4 $146 ({Predecessor:} 13. h3 Kd8 {½-½ (66) Zhigalko,A (2603)-Petrosian,T (2645) Legnica 2013}) 13... Nxe4 14. Bxe4 a5 15. Bf5 a4 16. Bxd7+ Kxd7 17. Nd4 Ra5 18. O-O Ke7 19. Rad1 h5 20. Rf4 f6 21. h4 Bh3 22. Re4+ Kf7 $1 23. Nf3 Bf5 24. Rf4 Re8 25. Kf2 Kg6 26. Rfd4 Raa8 27. Rc1 a3 28. Rd2 (28. b3 $16) 28... axb2 $11 29. Rxb2 Bc8 30. Rc3 Ra5 31. c5 Re4 32. Nd4 Re5 33. Rbc2 Kf7 34. Rc4 (34. Nf3 $5 {[%cal Rf3e5]} Re7 35. a3 $11) 34... Ra3 35. R4c3 Ra5 36. Rc4 Ra3 37. R4c3 Rxc3 38. Rxc3 Ke7 39. Rc4 Be6 {Accuracy: White = 60%, Black = 59%.} 1/2-1/2

[Event "Yingmei CHN-chT 2018"]
[Site "Guangdong"]
[Date "2018.11.28"]
[Round "20"]
[White "Ren, Xiaoyi"]
[Black "Ushenina, Anna"]
[Result "0-1"]
[WhiteElo "2427"]
[BlackElo "2325"]
[Annotator "TA"]
[PlyCount "102"]
[EventDate "2018.07.09"]
[EventType "team-tourn"]
[EventCountry "CHN"]
[SourceTitle "playchess.com"]
[Source "ChessBase"]
[SourceQuality "1"]

{[%evp 9,102,10,32,5,9,25,15,7,25,-12,23,-12,-12,-12,8,0,0,0,0,0,8,-14,8,4,4,-10,0,0,94,91,93,92,96,80,95,71,94,-18,0,0,0,0,0,0,0,-12,-30,-60,-58,-55,-33,-39,-43,-41,-43,-66,-88,-76,-75,-81,-34,-59,-57,-130,-122,-133,-114,-117,-117,-107,-106,-119,-96,-115,-123,-125,-106,-91,-79,-96,-100,-126,-116,-256,-112,-222,-85,-128,-113,-137,-130,-174,-127,-704,-694]} 1. d4 d5 2. c4 e6 3. Nc3 Nf6 4. Bg5 dxc4 5. e4 c5 {LiveBook: 16 Games} 6. dxc5 {D50: Queen's Gambit Declined: Dutch-Peruvian Gambit} Qa5 7. Bxf6 gxf6 8. Bxc4 {The position is equal.} Qxc5 $146 ({Predecessor:} 8... Rg8 9. Bb5+ Bd7 10. Bxd7+ Nxd7 11. c6 bxc6 12. g3 O-O-O 13. Qc2 {1-0 (46) Hernaez Fernandez,C (2409)-Moreira,J (2374) Brazil CXEB 1999}) 9. Bb5+ Nd7 10. Nf3 a6 11. Be2 Bh6 12. O-O O-O 13. Qd3 b5 14. Rad1 Kh8 15. Kh1 Rg8 16. Nd4 Ra7 17. f4 Rc7 18. Qh3 b4 (18... Bg7 $11) 19. Qxh6 bxc3 20. bxc3 Bb7 21. Bf3 $1 Qxc3 22. Ne2 Qb4 23. e5 ({Better is} 23. Ng3 $16) 23... Bxf3 24. Rxf3 Qe4 25. Ng3 Qc2 26. Rff1 Qg6 $36 {[%mdl 2048] Black has good play.} 27. Qxg6 (27. Qh4 {with more complications.} Qg4 28. Qxg4 Rxg4 29. exf6 Nxf6 30. Rd6) 27... hxg6 28. Rd6 fxe5 29. fxe5 Nc5 30. h3 Kg7 31. Rf4 a5 32. Rg4 Rh8 33. Rc4 Rhc8 $1 34. Rcd4 Kf8 35. Ne2 Ke7 36. Nf4 (36. Rc4 $15) 36... Nd7 $1 $17 37. Nd3 Ra8 38. a4 Raa7 $1 39. Kh2 Rc2 40. Kg3 Re2 41. Kf3 Rd2 42. Kg3 Rc7 43. h4 Ke8 44. Kh3 Re2 45. g3 Nxe5 46. Nf4 {[#]} (46. Nxe5 $17 {keeps fighting.} Rxe5 47. Ra6) 46... Rec2 (46... Re3 $1 $19 47. Nd3 Nf3 48. Rd8+ Ke7) 47. Ra6 {[#]} (47. Re4 $17 {was called for.} R7c6 48. Rxe6+ fxe6 49. Rxe5) 47... R2c5 (47... Nf3 $1 $19 {[%cal Rf3d4] is more deadly.} 48. Rd1 R7c3 49. Ra8+ Ke7 50. Ra7+ Kf6) 48. Rd1 Rb7 49. Ra8+ Ke7 50. Rdd8 Rb2 51. Rh8 $2 {[%mdl 8192]} (51. Nd3 $17 Nxd3 52. Rxd3) 51... Rcc2 {Precision: White = 29%, Black = 50%.} 0-1

[Event "Yingmei CHN-chT 2018"]
[Site "Guangdong"]
[Date "2018.11.28"]
[Round "20"]
[White "Xiang, Zeyu"]
[Black "Zhao, Jun"]
[Result "1/2-1/2"]
[WhiteElo "2409"]
[BlackElo "2612"]
[Annotator "TA"]
[PlyCount "105"]
[EventDate "2018.07.09"]
[EventType "team-tourn"]
[EventCountry "CHN"]
[SourceTitle "playchess.com"]
[Source "ChessBase"]
[SourceQuality "1"]

{[%evp 18,105,8,10,11,-19,-11,-10,0,-1,0,-11,0,-37,-35,-42,-40,-40,-30,-52,-52,-56,-54,-56,-60,-59,-52,-47,-47,-49,-56,-54,-57,-64,-62,-57,-41,-55,-39,-73,-64,-65,-53,-68,-75,-71,-41,-100,-100,-95,-107,-183,-182,-183,-183,-183,-183,-154,-183,-155,-134,-193,-193,-264,-263,-241,-10,-10,-10,-10,-10,-10,-10,-10,-10,-10,-10,-10,0,-8,0,-10,-10,-10,0,-14,0,-14,0,-27]} 1. d4 Nf6 2. c4 g6 3. Nc3 d5 4. Bf4 Bg7 5. e3 c5 6. dxc5 Qa5 7. Rc1 Be6 {D82: Grünfeld: 4 Bf4} 8. Qa4+ Qxa4 9. Nxa4 Nc6 10. Nf3 {LiveBook: 3 Games} Rc8 $146 ({Predecessor:} 10... O-O 11. Ne5 Rac8 12. Nxc6 Rxc6 13. Be5 dxc4 14. Be2 Nd7 15. Bxg7 Kxg7 {0-1 (46) Barseghyan,H (2464)-Vachier Lagrave,M (2789) chess.com INT 2018}) 11. Ng5 Bd7 12. Nc3 d4 13. exd4 Nxd4 14. Be5 Nc6 15. Bg3 (15. Bf4 {is interesting.} Bf5 16. Be2 Nd4 17. Be5 Nc6 18. Bf4) 15... Nh5 16. Be2 Nxg3 17. hxg3 Nd4 18. b4 a5 19. a3 Nb3 20. Rc2 Bf5 21. Nge4 axb4 22. axb4 {[#]} Nxc5 $1 {[%mdl 512]} 23. bxc5 {Hoping for Bf3.} Bxc3+ $1 24. Rxc3 Bxe4 25. f3 Bc6 26. Ra3 $1 O-O 27. Kf2 h5 28. Rd1 Kg7 29. f4 Ra8 30. Rda1 Rad8 31. Rd1 Kf6 32. g4 ({White should play} 32. Rxd8 $15 Rxd8 33. Bf3) 32... Rxd1 $17 33. Bxd1 {[%mdl 4096] Endgame KRB-KRB} Rd8 34. Bf3 (34. Be2 $17) 34... hxg4 $19 35. Bxc6 bxc6 {KR-KR} 36. Ke3 Rd7 37. Ra6 {[#]} Rc7 $1 38. Ke4 Ke6 39. g3 (39. Rb6 $17 {might work better.}) 39... f6 40. f5+ (40. Ra4 {is a better defense.}) 40... gxf5+ 41. Kf4 Rd7 $2 ({Better is} 41... Rc8 $19 {aiming for ...Rb8.} 42. Ra3 Rh8 43. Re3+ Kf7 44. Kxf5 Rh5+ 45. Kxg4 Rxc5) 42. Rxc6+ $11 {The position is equal.} Kf7 {And now ...Kg6 would win.} 43. Kxf5 Rd4 44. Rc7 Rxc4 45. c6 Rd4 46. Rb7 Ra4 47. Rd7 Ke8 48. Rc7 Kf7 49. Rd7 Rb4 50. Rb7 Rc4 51. Rc7 Rd4 52. Rb7 Rc4 53. Rc7 {Accuracy: White = 62%, Black = 60%.} 1/2-1/2

[Event "Yingmei CHN-chT 2018"]
[Site "Guangdong"]
[Date "2018.11.28"]
[Round "20"]
[White "Zou, Chen"]
[Black "Wen, Yang"]
[Result "*"]
[WhiteElo "2384"]
[BlackElo "2609"]
[Annotator "TA"]
[PlyCount "37"]
[EventDate "2018.07.09"]
[EventType "team-tourn"]
[EventCountry "CHN"]
[SourceTitle "playchess.com"]
[Source "ChessBase"]
[SourceQuality "1"]

{[%evp 16,17,33,33]} 1. e4 e5 2. Nf3 Nc6 3. Bb5 a6 4. Ba4 Nf6 5. O-O b5 6. Bb3 Bb7 7. d3 Be7 8. Re1 O-O 9. a4 {LiveBook: 1214 Games} {Predecessor:} Re8 $146 10. Nbd2 Bf8 11. Nf1 Na5 12. Ba2 d5 13. axb5 axb5 14. exd5 Bxd5 15. Bg5 Bxa2 16. Rxa2 e4 17. Bxf6 Qxf6 18. Rxe4 Rxe4 19. dxe4 {1-0 (29) Caruana,F (2804)-Onischuk,A (2672) Saint Louis 2018} *